| 000 | 01223nam a22003257a 4500 | ||
|---|---|---|---|
| 003 | CHAP | ||
| 005 | 20220329134130.0 | ||
| 008 | 971013s1981 r 00010 d | ||
| 010 | _a15887 | ||
| 011 | _a16859 | ||
| 035 | _a20941 | ||
| 040 | _cCHAP | ||
| 082 |
_a338.180972 _bG8 |
||
| 100 | 0 | 0 |
_aGuerra E., Guillermo. _951122 |
| 245 | _aConsolidación y desarrollo del sistema de planeaación agropecuaria de la Secretaría de Agricultura y Recursos Hidráulicos (SARH) en Yucatán | ||
| 260 |
_a(San José, Costa Rica) : _bInstituto Interamericano de Cooperación para la Agricultura, _c1981 |
||
| 300 |
_a35 h. _b; cuadros |
||
| 490 |
_aSerie de publicaciones misceláneas _v; 295 |
||
| 590 |
_aBATCH-UPD _b10 _c20130110 _lUCH01 _h1144 |
||
| 590 |
_aBATCH-UPD _b10 _c20130410 _lUCH01 _h0729 |
||
| 590 |
_aBATCH-UPD _b10 _c20130914 _lUCH01 _h0037 |
||
| 590 |
_aCONVERSION _b10 _c20130109 _lUCH01 _h1310 |
||
| 650 | 1 | 4 |
_aAgricultura _xYucatán. _91902 |
| 650 | 1 | 4 |
_aPolítica agrícola _xYucatán. _990376 |
| 700 | 0 |
_aSalvado I., Eduardo. _9101851 |
|
| 830 | 0 |
_aSerie de publicaciones misceláneas _v; 295 _9104777 |
|
| 901 | _aBK | ||
| 942 | _cLIBRO | ||
| 949 |
_a338.180972 G8 _bBC _cLIBRO _d33724000415121 _eLIBRO _i20941 _mD _si |
||
| 999 |
_c15887 _d15887 |
||